Hazardous waste site operations : (Record no. 13541)

000 -LEADER
fixed length control field 00784cam a2200217 a 4500
020 ## - INTERNATIONAL STANDARD BOOK NUMBER
ISBN 0471142182 (cloth : acidfree paper)
040 ## - CATALOGING SOURCE
Transcribing agency DLC
082 00 - DEWEY DECIMAL CLASSIFICATION NUMBER
Classification number 628 WIL 1996 A047 Or.
100 1# - MAIN ENTRY--AUTHOR NAME
Personal name Waxman, Michael F.,
245 10 - TITLE STATEMENT
Title Hazardous waste site operations :
Remainder of title a training manual for site professionals /
260 ## - PUBLICATION, DISTRIBUTION, ETC. (IMPRINT)
Place of publication New York :
Name of publisher Wiley,
Year of publication c1996.
300 ## - PHYSICAL DESCRIPTION
Number of Pages xvi, 440 p. :
Other physical details ill., maps ;
Dimensions 24 cm.
500 ## - GENERAL NOTE
General note "A Wiley-Interscience publication."
650 #0 - SUBJECT ADDED ENTRY--TOPICAL TERM
Topical Term Hazardous waste sites
650 #0 - SUBJECT ADDED ENTRY--TOPICAL TERM
Topical Term Hazardous waste sites
650 #0 - SUBJECT ADDED ENTRY--TOPICAL TERM
Topical Term Hazardous wastes
856 42 - ELECTRONIC LOCATION AND ACCESS
Uniform Resource Identifier http://www.loc.gov/catdir/bios/wiley041/95052753.html
856 42 - ELECTRONIC LOCATION AND ACCESS
Uniform Resource Identifier http://www.loc.gov/catdir/description/wiley031/95052753.html
856 4# - ELECTRONIC LOCATION AND ACCESS
Uniform Resource Identifier http://www.loc.gov/catdir/toc/onix01/95052753.html
942 ## - ADDED ENTRY ELEMENTS (KOHA)
Koha item type សៀវភៅភាសាអង់គ្លេស
952 ## - LOCATION AND ITEM INFORMATION (KOHA)
Withdrawn status [LOCAL, KOHA] 0
Holdings
Permanent Location Date acquired Koha item type Lost status Shelving location Barcode Current Location Full call number
Library Block A2017-08-28សៀវភៅភាសាអង់គ្លេស A047A22141Library Block A628 WIL 1996 A047 Or.
មជ្ឈមណ្ឌលឯការនៃសាកលវិទ្យាល័យភូមិន្ទកសិកម្មចំការដូង

Powered by Koha